|
|
|
|
| LEADER |
00864cam a2200253 a 4500 |
| 001 |
0000110819 |
| 005 |
20100305090000.0 |
| 040 |
|
|
|a mod
|
| 041 |
|
|
|a eng
|
| 020 |
0 |
0 |
|a 1574888625
|
| 090 |
0 |
0 |
|a 973.931
|b SCH
|e 2004
|
| 100 |
1 |
0 |
|a Scheuer
|h Michael
|
| 245 |
1 |
0 |
|a Imperial hubris
|b why the west is losing the war on terror
|c Michael Scheuer
|
| 260 |
0 |
0 |
|a Washington
|b Potomac Books
|c 2004
|
| 300 |
0 |
0 |
|a xxi, 314 p.
|c 23 cm
|
| 504 |
0 |
0 |
|a Includes bibliographical references and index
|
| 600 |
0 |
0 |
|a Bin Laden
|h Osama
|y 1957-
|
| 650 |
0 |
0 |
|a Terrorism
|x Government policy
|z United States
|
| 650 |
0 |
0 |
|a Qaida (Organization)
|
| 650 |
0 |
0 |
|a Jihad
|
| 650 |
0 |
0 |
|a War on terrrorism, 2001-
|
| 852 |
0 |
0 |
|a 01
|
| 999 |
|
|
|a 0286575
|b MAWILLA II
|d BOOKS
|e Umum
|f MAWILLA 2
|j AVAILABLE
|q GOOD CONDITION
|
| 999 |
|
|
|a 1000008013
|b Maktab Pertahanan Angkatan Tentera
|d BOOKS
|e Umum
|f MPAT
|j AVAILABLE
|q GOOD CONDITION
|